Neuroemprendimiento : neuromarketing para emprendedores /

Bibliographic Details
Main Author: Soto Orejuela, Andrés Felipe (Author)
Format: Electronic eBook
Language:Spanish
Published: Bogotá : Ecoe Ediciones, [2020]
Edition:Primera edición.
Series:Colección: Ciencias Empresariales. Emprendimiento y liderazgo.
Subjects:
Online Access:Digitalia Hispánica

MARC

LEADER 00000nam a2200000Ii 4500
001 DIGECOED0649
003 NyNyDIG
006 m o d
007 cr |||||||||||
008 240904s2020 ck a ob 000 0 spa d
035 |a (OCoLC)1419870951 
040 |a DGITA  |b eng  |e rda  |e pn  |c DGITA 
020 |a 9789587719062  |q eBook 
020 |z 9789587719055 
050 1 4 |a HF5415.12615 ebook 
100 1 |a Soto Orejuela, Andrés Felipe,  |e author. 
245 1 0 |a Neuroemprendimiento :  |b neuromarketing para emprendedores /  |c Andrés Felipe Soto Orejuela. 
250 |a Primera edición. 
264 1 |a Bogotá :  |b Ecoe Ediciones,  |c [2020] 
300 |a 1 online resource :  |b illustrations. 
336 |a text  |b txt  |2 rdacontent 
337 |a computer  |b c  |2 rdamedia 
338 |a online resource  |b cr  |2 rdacarrier 
347 |a text file  |2 rdaft 
347 |b PDF 
490 1 |a Área: Ciencias empresariales. Subárea: Emprendimiento y liderazgo 
504 |a Includes bibliographical references. 
588 0 |a Online resource; title from PDF title page (Digitalia, viewed September 4, 2024) 
650 0 |a Neuromarketing. 
650 0 |a Entrepreneurship. 
791 2 |a Digitalia (Firm),  |e distributor. 
793 0 |g Digitalia eBook Collection:  |a Ecoe Ediciones 
776 0 8 |i Print version:  |a Soto Orejuela, Andrés Felipe.  |t Neuroemprendimiento.  |b Primera edición.  |d Bogotá : Ecoe Ediciones, [2020]  |z 9789587719055 
830 0 |a Colección: Ciencias Empresariales.  |p Emprendimiento y liderazgo. 
856 4 0 |3 Digitalia Hispánica  |u https://www.digitaliapublishing.com/a/156670/ 
910 |a Premium collection: 2024